| 000 | 00000nas 2200000za 4500 |
| 001 | 9.507296 |
| 003 | CaOODSP |
| 005 | 20231123084320 |
| 007 | cr ||||||||||| |
| 008 | 150406d20002006oncar p o||||f0 a0eng|d |
| 020 | |z0662665791|z0662673441|z0662680553|z06624007715|z0662434382 |
| 022 | |a1497-1836 |
| 040 | |aCaOODSP|beng |
| 043 | |an-cn--- |
| 086 | 1 |aIT1-3E-PDF|zE2-202/2002|zE2-202/2003|zE2-202/2004 |
| 130 | 0 |aTrade update (Online) |
| 210 | 0 |aTrade update |b(Ott.) |
| 222 | 0|aTrade update |b(Ottawa) |
| 245 | 10|aTrade update |h[electronic resource] :|b... annual report on Canada's state of trade. |
| 246 | 30|aAnnual report on Canada's state of trade |
| 246 | 13|aState of trade |
| 260 | |a[Ottawa] : |bForeign Affairs and International Trade, Economic and Trade Analysis Division, |c2000-2006. |
| 310 | |aAnnual |
| 362 | 1 |aBegan with: 2000 ; ceased with: 2006. |
| 500 | |aIssued also in French under title: Le point sur le commerce en l'an ... annuel sur le commerce international au Canada. |
| 690 | 07|aInternational trade|2gcpds |
| 710 | 1 |aCanada.|bEconomic and Trade Analysis Division. |
| 710 | 1 |aCanada. |bForeign Affairs and International Trade Canada. |
| 775 | 08|tLe point sur le commerce en l'an ... |w(CaOODSP)9.503685 |
| 785 | 00|tCanada's state of trade, trade and investment update.|w(CaOODSP)9.506081 |